00553nam a2200193Ia 450000500170000000800410001702000160005804000190007404100120009308200150010510000180012024500570013826000260019530000270022150400500024865000210029865100300031985000100034920230531105154.0131103s9999 xx 000 0 und d a058248266 6 aLoreto College aEnglish a940.1bPOU aPounds,N.J.G. 3aAn economic history of medieval EuropecN.J.G.Pounds aLondonbLongmanc1974 axii,562 p.b ill.,fig. aIncludes bibliographical references and index aMedieval History aEurope - Medieval History aLCLIB